00330 a2200109 4500001001000000005001700010008004100027245004800068100002300116773006400139999001700203ART_1829420260410161919.0260409a 10aSobre el fodo real de la persona jurídica1 aRosembuj, Tulio R.0 tLa informacióng- Tomo XXX, Nº 535 (jul. 1974)wREV14902 c27521d27521